000 00542nam a2200217Ia 4500
005 20241129120049.0
008 241129s9999||||xx |||||||||||||| ||und||
020 _a9780367630591
037 _aTB
040 _aSDCL
_beng
_cSDCL
041 _aeng
_2eng
084 _aRx, Q3
_qSDCL
100 _aTallack Douglas
_9598418
245 0 _aCritical Theory: A Reader
260 _aLondon
_bRoutledge
_c2013
300 _a501p.
365 _aINR
_b2995
650 _aPhilosophy
942 _cTB
_hRx, Q3
999 _c1233188
_d1233188